Marvel Heroes A-Z by Picture #2 - Statistics

General Stats
  • This quiz has been taken 85 times
  • The average score is 18 of 26
Answer Stats
Picture Answer % Correct
Captain Marvel
96%
Deadpool
96%
Groot
96%
Black Widow
93%
Human Torch
92%
Invisible Woman
92%
She-Hulk
92%
Thing
92%
Wolverine
92%
Mister Fantastic
88%
Professor X
85%
Angel
84%
Korg
78%
Rogue
70%
Nick Fury
68%
Jubilee
66%
Valkyrie
65%
Echo
59%
Lockjaw
55%
Yellow Jacket
54%
Union Jack
46%
Firestar
45%
Quasar
42%
X-Man
35%
Zero
11%
Outlaw
9%
No matching quizzes found
Score Distribution
Percent of People with Each Score
Percentile by Number Answered
Your Score History
You have not taken this quiz